Dissertaçoes e teses
Zapisane w:
| Korporacja: | |
|---|---|
| Format: | Książka |
| Język: | portugalski |
| Wydane: |
Florianópolis
Universidade Federal de Santa Catarina
1996
|
| Hasła przedmiotowe: | |
| Etykiety: |
Dodaj etykietę
Nie ma etykietki, Dołącz pierwszą etykiete!
|
MARC
| LEADER | 00000nam a2200000 a 4500 | ||
|---|---|---|---|
| 001 | UCR7329 | ||
| 003 | CL-VaPUC | ||
| 008 | 980514e19960000BL |||||||||||||||||por|d | ||
| 082 | 0 | 4 | |a 011.75 |b UNI |2 21 |
| 110 | 2 | |a Universidade Federal de Santa Catarina |e author |9 408674 | |
| 245 | 1 | 0 | |a Dissertaçoes e teses |
| 300 | |a 429 p | ||
| 942 | |c BK | ||
| 945 | |d 19980514 00:00:00 |a mvenant | ||
| 260 | |a Florianópolis |b Universidade Federal de Santa Catarina |c 1996 | ||
| 650 | 7 | |a TESIS |2 CL-VaPUC |9 257341 | |
| 650 | 0 | |a Educación superior |9 223851 | |
| 650 | 0 | |a Bibliografías |9 257071 | |
| 651 | 0 | |a Brasil |9 267393 | |
| 583 | |a last modification |c 19980514 00:00:00 |k Rodrigo Vera | ||
| 999 | |c 269049 |d 269047 | ||
| 952 | |0 0 |1 0 |4 0 |6 011_750000000000000_UNI_1996 |7 0 |8 A |9 302644 |a BIBING |b BIBING |d 2019-11-20 |i 3387674 |o 011.75 UNI 1996 |p 3387674 |r 2025-01-20 |w 2019-11-20 |y BK |k ING | ||